Languages by Cities-Picture Quiz #2 - Statistics

General Stats
  • This quiz has been taken 43 times
    25 since last reset
  • The average score is 6 of 15
Answer Stats
Picture Answer % Correct
English
94%
Spanish
78%
Swedish
78%
German
72%
Malay
61%
Korean
56%
Cantonese
39%
Afrikaans
28%
Bengali
28%
Dutch
28%
Arabic
22%
Persian
11%
Vietnamese
11%
Tagalog
0%
Yoruba
0%
No matching quizzes found
Score Distribution
Percent of People with Each Score
Percentile by Number Answered
Your Score History
You have not taken this quiz since the last reset